[Event "ODJM B 2019"]
[Site "Willingen GER"]
[Date "2019.06.15"]
[Round "9"]
[White "Bartelt, Max Peter"]
[Black "Lauterbach, Kolja"]
[Result "1-0"]
[Termination "normal"]
[Board "15"]
[WhiteElo "1789"]
[BlackElo "1662"]
[PlyCount "119"]
[WhiteFideId "12967289"]
[BlackFideId "16235916"]
[EventCountry "GER"]
[EventRounds "9"]
[EventType "swiss"]
[EventDate "2019.06.08"]

1. d4 f5 2. Nf3 Nf6 3. c4 d6 4. g3 g6 5. Bg2 Bg7 6. O-O O-O 7. Nc3 c6 8. Qc2
Qe8 9. e4 e5 10. dxe5 dxe5 11. Ne1 f4 12. gxf4 Nh5 13. fxe5 Bxe5 14. Nf3 Bf4
15. Ne2 Qe7 16. Nxf4 Nxf4 17. Bxf4 Rxf4 18. Nd2 Qg5 19. f3 Rh4 20. Rf2 Nd7 21.
Nf1 Nf6 22. Qd2 Qe5 23. Ng3 Be6 24. Rc1 Nh5 25. Qc3 Qf4 26. Nf1 Qg5 27. Qe3 Nf4
28. Kh1 Rd8 29. Rd2 Rxd2 30. Qxd2 Bh3 31. Bxh3 Rxh3 32. Rc3 Rh4 33. Qf2 Nh3 34.
Qg3 Qc5 35. b3 Rh5 36. Re3 Qd4 37. Qe1 Rg5 38. Ng3 h5 39. Qc3 Qxc3 40. Rxc3 h4
41. Kg2 Nf4+ 42. Kf2 hxg3+ 43. hxg3 Ne6 44. Rd3 Rh5 45. Rd6 Nf8 46. Ke3 Rh7 47.
f4 Rd7 48. c5 Kf7 49. e5 Re7 50. g4 Nd7 51. Kd4 Kg7 52. f5 Kh6 53. Rxg6+ Kh7
54. e6 Nf8 55. Rf6 Kg7 56. g5 Nh7 57. Ke5 Nf8 58. Kd6 Re8 59. Rf7+ Kg8 60. Rxb7
1-0

[Event "ODJM B 2019"]
[Site "Willingen GER"]
[Date "2019.06.15"]
[Round "9"]
[White "Thumm, Felix"]
[Black "Reuter, Max"]
[Result "0-1"]
[Termination "normal"]
[Board "16"]
[WhiteElo "1836"]
[BlackElo "1545"]
[PlyCount "66"]
[WhiteFideId "12902209"]
[BlackFideId "16263715"]
[EventCountry "GER"]
[EventRounds "9"]
[EventType "swiss"]
[EventDate "2019.06.08"]

1. d4 f5 2. Nf3 Nf6 3. e3 b6 4. Bd3 e6 5. Nbd2 Bb7 6. O-O d5 7. c4 Nbd7 8. Qc2
Ne4 9. cxd5 exd5 10. Bb5 Bd6 11. Bc6 Bxc6 12. Qxc6 Nef6 13. Ne5 O-O 14. Ndf3
Re8 15. Qc2 Bxe5 16. dxe5 Ne4 17. Nd4 Nxe5 18. Nxf5 Qg5 19. Ng3 Qg6 20. Qxc7
Nxg3 21. hxg3 Ng4 22. Bd2 Qh5 23. Rfe1 Qh2+ 24. Kf1 Rf8 25. Ke2 Qxg2 26. Bc3
Rf7 27. Qc6 Raf8 28. Qe6 Qxf2+ 29. Kd1 Qf3+ 30. Kd2 Nf2 31. Rf1 Ne4+ 32. Kc2
Qe2+ 33. Bd2 Qxd2+ 0-1

[Event "ODJM B 2019"]
[Site "Willingen GER"]
[Date "2019.06.15"]
[Round "9"]
[White "Naumenko, Valerija"]
[Black "Lange, Malina"]
[Result "0-1"]
[Termination "normal"]
[Board "17"]
[WhiteElo "1606"]
[BlackElo "1562"]
[PlyCount "40"]
[WhiteFideId "16222890"]
[BlackFideId "16228952"]
[EventCountry "GER"]
[EventRounds "9"]
[EventType "swiss"]
[EventDate "2019.06.08"]

1. e4 e5 2. Nf3 Nc6 3. Bc4 Bc5 4. c3 Nf6 5. d3 d6 6. h3 a6 7. Bb3 Ba7 8. a4 O-O
9. O-O h6 10. Nbd2 Be6 11. Bxe6 fxe6 12. b4 b5 13. Qb3 d5 14. Re1 Qd6 15. axb5
axb5 16. Ra6 Bxf2+ 17. Kxf2 Rxa6 18. d4 dxe4 19. Nxe4 Nxe4+ 20. Rxe4 Qd5 0-1

[Event "ODJM B 2019"]
[Site "Willingen GER"]
[Date "2019.06.15"]
[Round "9"]
[White "Niemann, Leon Pascal"]
[Black "Schulze, Lukas"]
[Result "1/2-1/2"]
[Termination "normal"]
[Board "19"]
[WhiteElo "1702"]
[BlackElo "1643"]
[PlyCount "72"]
[WhiteFideId "16218388"]
[BlackFideId "12956856"]
[EventCountry "GER"]
[EventRounds "9"]
[EventType "swiss"]
[EventDate "2019.06.08"]

1. e4 c5 2. Nf3 Nc6 3. d4 cxd4 4. Nxd4 g6 5. Nc3 Bg7 6. Be3 Nf6 7. f3 O-O 8.
Bc4 Qb6 9. Bb3 Nxe4 10. Nd5 Qa5+ 11. c3 Nc5 12. Nxc6 dxc6 13. Nxe7+ Kh8 14.
Nxc8 Raxc8 15. O-O Rcd8 16. Qc2 Rfe8 17. Bf2 Kg8 18. a4 Nd3 19. Rad1 Nxf2 20.
Qxf2 Bh6 21. Qc2 Qb6+ 22. Kh1 Re7 23. Ba2 Rde8 24. b4 Re2 25. Qb3 R8e7 26. Qc4
Qe3 27. b5 cxb5 28. axb5 Rc2 29. Rd3 Qe2 30. Rd8+ Kg7 31. Qd4+ Re5 32. Rg1 Rxa2
33. f4 Bxf4 34. Qxf4 Rf5 35. Qd4+ Qe5 36. c4 Qxd4 1/2-1/2

[Event "ODJM B 2019"]
[Site "Willingen GER"]
[Date "2019.06.15"]
[Round "9"]
[White "Petrosyan, Tigran"]
[Black "Laag, Pascal"]
[Result "1/2-1/2"]
[Termination "normal"]
[Board "20"]
[WhiteElo "1603"]
[BlackElo "1699"]
[PlyCount "40"]
[WhiteFideId "12962783"]
[BlackFideId "16256069"]
[EventCountry "GER"]
[EventRounds "9"]
[EventType "swiss"]
[EventDate "2019.06.08"]

1. Nf3 d5 2. e3 Nf6 3. c4 e6 4. Nc3 Be7 5. Be2 O-O 6. O-O b6 7. b3 c5 8. Bb2
Nc6 9. d4 Ba6 10. cxd5 Bxe2 11. Qxe2 Nxd5 12. Rfd1 Nxc3 13. Bxc3 cxd4 14. Nxd4
Qc7 15. Nxc6 Qxc6 16. Rac1 Qb7 17. Qg4 g6 18. Qd4 f6 19. Qd7 Qxd7 20. Rxd7 Ba3
1/2-1/2

[Event "ODJM B 2019"]
[Site "Willingen GER"]
[Date "2019.06.15"]
[Round "9"]
[White "von der Weyden, Louis"]
[Black "Chromey, Tamir"]
[Result "1/2-1/2"]
[Termination "normal"]
[Board "21"]
[WhiteElo "1564"]
[BlackElo "1627"]
[PlyCount "44"]
[WhiteFideId "16207050"]
[BlackFideId "16287479"]
[EventCountry "GER"]
[EventRounds "9"]
[EventType "swiss"]
[EventDate "2019.06.08"]

1. c4 e5 2. Nc3 f5 3. g3 Nf6 4. Bg2 Nc6 5. e3 Be7 6. Nge2 O-O 7. O-O d6 8. d4
e4 9. f3 exf3 10. Bxf3 Kh8 11. b3 Re8 12. Bg2 Bf8 13. Re1 Ne7 14. Nf4 c6 15.
Qf3 g5 16. Nd3 Bg7 17. Bb2 h6 18. Rac1 Ng6 19. b4 Qc7 20. Kh1 Bd7 21. h3 Re7
22. Nf2 Rae8 1/2-1/2

[Event "ODJM B 2019"]
[Site "Willingen GER"]
[Date "2019.06.15"]
[Round "9"]
[White "Glöckl, Simon"]
[Black "Zell, Mirjam"]
[Result "1/2-1/2"]
[Termination "normal"]
[Board "22"]
[WhiteElo "1586"]
[BlackElo "1660"]
[PlyCount "96"]
[WhiteFideId "16266072"]
[BlackFideId "16208544"]
[EventCountry "GER"]
[EventRounds "9"]
[EventType "swiss"]
[EventDate "2019.06.08"]

1. d4 d5 2. Nf3 Nf6 3. e3 e6 4. Bd3 Nbd7 5. O-O Be7 6. Nbd2 O-O 7. e4 dxe4 8.
Nxe4 b6 9. c3 Re8 10. Bf4 Bf8 11. Qc2 g6 12. Rfe1 Bg7 13. a4 a6 14. b4 Bb7 15.
h3 Nxe4 16. Bxe4 Bxe4 17. Qxe4 c5 18. bxc5 bxc5 19. Rac1 cxd4 20. cxd4 Nf6 21.
Qd3 Nd5 22. Be5 Qa5 23. Qa3 Rec8 24. Bxg7 Kxg7 25. Rc5 Rxc5 26. dxc5 Qb4 27.
Qxb4 Nxb4 28. Rc1 Rc8 29. Ne1 Kf6 30. Rc4 a5 31. f4 e5 32. Kf2 exf4 33. Rxf4+
Ke6 34. Re4+ Kf5 35. Re7 Kf6 36. Ra7 Rxc5 37. Nf3 Nd3+ 38. Ke3 Nb2 39. Nd2 Re5+
40. Kf3 Nxa4 41. Nc4 Rc5 42. Nxa5 Rc3+ 43. Kf2 Nc5 44. Nb7 Nxb7 45. Rxb7 h5 46.
Rb5 g5 47. h4 Kg6 48. Rxg5+ Kh6 1/2-1/2

[Event "ODJM B 2019"]
[Site "Willingen GER"]
[Date "2019.06.15"]
[Round "9"]
[White "Garbuz, Nicole"]
[Black "von Jan, Lena"]
[Result "1/2-1/2"]
[Termination "normal"]
[Board "24"]
[WhiteElo "1650"]
[BlackElo "1512"]
[PlyCount "52"]
[WhiteFideId "12990701"]
[BlackFideId "12946060"]
[EventCountry "GER"]
[EventRounds "9"]
[EventType "swiss"]
[EventDate "2019.06.08"]

1. e4 e5 2. Nf3 Nc6 3. Bc4 Bc5 4. c3 Nf6 5. d3 d6 6. h3 Ne7 7. Nbd2 Ng6 8. O-O
O-O 9. Re1 Bb6 10. Bb3 Re8 11. Nf1 Be6 12. Bc2 c6 13. Ng3 d5 14. Ng5 Bd7 15.
Bb3 h6 16. Nf3 Bc7 17. Bc2 Be6 18. b4 a5 19. a4 axb4 20. cxb4 Bd6 21. Bd2 d4
22. Rb1 Nd7 23. Bb3 Nb6 24. a5 Nc8 25. Qc2 Bxb3 26. Rxb3 Na7 1/2-1/2

[Event "ODJM B 2019"]
[Site "Willingen GER"]
[Date "2019.06.15"]
[Round "9"]
[White "Sperling, Niclas"]
[Black "Aumüller, Naum"]
[Result "1/2-1/2"]
[Termination "normal"]
[Board "25"]
[WhiteElo "1720"]
[BlackElo "1685"]
[PlyCount "40"]
[WhiteFideId "16204000"]
[BlackFideId "16263960"]
[EventCountry "GER"]
[EventRounds "9"]
[EventType "swiss"]
[EventDate "2019.06.08"]

1. e4 e5 2. Nf3 Nc6 3. Bb5 Bc5 4. O-O d6 5. c3 Bg4 6. d4 exd4 7. cxd4 Bxf3 8.
gxf3 Bb6 9. d5 Nge7 10. dxc6 bxc6 11. Ba4 O-O 12. Nc3 f5 13. Bg5 Qe8 14. Bxe7
Qxe7 15. Bxc6 Rac8 16. Qd5+ Kh8 17. Rae1 Qh4 18. Bd7 Rf6 19. Bxf5 Rh6 20. h3
Qg3+ 1/2-1/2

[Event "ODJM B 2019"]
[Site "Willingen GER"]
[Date "2019.06.15"]
[Round "9"]
[White "Ebeling, Gereon"]
[Black "Brügmann, Kai"]
[Result "0-1"]
[Termination "normal"]
[Board "26"]
[WhiteElo "1588"]
[BlackElo "1555"]
[PlyCount "88"]
[WhiteFideId "16223160"]
[BlackFideId "16287460"]
[EventCountry "GER"]
[EventRounds "9"]
[EventType "swiss"]
[EventDate "2019.06.08"]

1. e4 c5 2. Nf3 e6 3. d4 cxd4 4. Nxd4 Nf6 5. Nc3 Nc6 6. Ndb5 Bb4 7. a3 Bxc3+ 8.
Nxc3 d5 9. exd5 Nxd5 10. Nxd5 exd5 11. Bd3 O-O 12. O-O Ne5 13. Bxh7+ Kxh7 14.
Qh5+ Kg8 15. Qxe5 Re8 16. Qc3 Bf5 17. Qb3 b6 18. c3 Bd3 19. Rd1 Re2 20. Bg5
Qxg5 21. Rxd3 Qf5 22. Rf3 Qe4 23. Rf1 Re8 24. Qd1 Re1 25. Qd3 Rxf1+ 26. Qxf1
Qc2 27. Qa1 Qxb2 28. Qf1 Qxa3 29. h3 Qd6 30. Re3 Rxe3 31. fxe3 Qc5 32. Qe1 a5
33. Kh1 Qc4 34. Qg3 Qc8 35. Qd6 a4 36. Qxb6 Qa8 37. Qb2 Qa6 38. Qb8+ Kh7 39.
Qb1+ g6 40. Qa2 Qc4 41. Qf2 Kg7 42. Qg3 Qxc3 43. Qg5 a3 44. Qxd5 Qb2 0-1

[Event "ODJM B 2019"]
[Site "Willingen GER"]
[Date "2019.06.15"]
[Round "9"]
[White "Schneider, Anna"]
[Black "Kolb, Verena"]
[Result "1/2-1/2"]
[Termination "normal"]
[Board "27"]
[WhiteElo "1589"]
[BlackElo "1649"]
[PlyCount "55"]
[WhiteFideId "16200527"]
[BlackFideId "12992313"]
[EventCountry "GER"]
[EventRounds "9"]
[EventType "swiss"]
[EventDate "2019.06.08"]

1. e4 c6 2. c4 d5 3. exd5 cxd5 4. cxd5 Nf6 5. Nc3 Nxd5 6. Nf3 g6 7. Bb5+ Bd7 8.
Qa4 Nb6 9. Qb3 Bg7 10. O-O O-O 11. Bxd7 Qxd7 12. Ne2 Nc6 13. d3 Rfd8 14. Rd1
Qd5 15. Qxd5 Rxd5 16. d4 Rad8 17. Be3 R5d7 18. b3 Nc8 19. Rd2 Nd6 20. Ng3 Nb5
21. Rad1 Nbxd4 22. Nxd4 Nxd4 23. Kf1 Rd6 24. Ne4 Rd5 25. Nc3 R5d6 26. Ne4 Rd5
27. Nc3 R5d6 28. Ne4 1/2-1/2

[Event "ODJM B 2019"]
[Site "Willingen GER"]
[Date "2019.06.15"]
[Round "9"]
[White "Diegel, Yannick"]
[Black "Ewerhardy, Moritz"]
[Result "1/2-1/2"]
[Termination "normal"]
[Board "28"]
[WhiteElo "1411"]
[BlackElo "1654"]
[PlyCount "40"]
[WhiteFideId "16222563"]
[BlackFideId "36052086"]
[EventCountry "GER"]
[EventRounds "9"]
[EventType "swiss"]
[EventDate "2019.06.08"]

1. c4 Nf6 2. Nc3 g6 3. g3 Bg7 4. Bg2 d6 5. Nf3 c5 6. O-O O-O 7. d3 Nc6 8. Bd2
Rb8 9. Qc1 Re8 10. a3 a6 11. Rb1 b5 12. cxb5 axb5 13. b4 cxb4 14. axb4 Bd7 15.
Re1 Qc7 16. Qc2 Rec8 17. Rec1 Nd8 18. Qd1 Nc6 19. Bg5 Qd8 20. Bd2 h6 1/2-1/2

[Event "ODJM B 2019"]
[Site "Willingen GER"]
[Date "2019.06.15"]
[Round "9"]
[White "Grunert, Wilhelm"]
[Black "Peglau, Sarah"]
[Result "1-0"]
[Termination "normal"]
[Board "29"]
[WhiteElo "1749"]
[BlackElo "1471"]
[PlyCount "117"]
[WhiteFideId "12995673"]
[BlackFideId "16219961"]
[EventCountry "GER"]
[EventRounds "9"]
[EventType "swiss"]
[EventDate "2019.06.08"]

1. e4 c6 2. d4 d5 3. exd5 cxd5 4. c4 Nf6 5. Nc3 Nc6 6. Nf3 Bg4 7. Qb3 Bxf3 8.
Qxb7 Nxd4 9. Nb5 Qa5+ 10. Nc3 Rd8 11. gxf3 Nc2+ 12. Kd1 Nxa1 13. c5 Qxc5 14.
Bb5+ Nd7 15. Be3 d4 16. Nd5 e6 17. Bg5 Qxd5 18. Qxd5 exd5 19. Re1+ Be7 20. Bxe7
Rc8 21. Bh4+ Kf8 22. Bxd7 Rb8 23. Kc1 f6 24. Bg3 Rd8 25. Bd6+ Kf7 26. Re7+ Kg6
27. Kb1 Rxd7 28. Rxd7 Re8 29. Re7 Rc8 30. Rc7 Re8 31. Rc1 Re2 32. Kxa1 d3 33.
Rd1 d2 34. Kb1 Rxf2 35. Kc2 Rxf3 36. Rxd2 Rf5 37. a4 h5 38. b4 Kg5 39. b5 Kh4
40. a5 Kh3 41. b6 axb6 42. axb6 d4 43. b7 Rb5 44. b8=Q Rxb8 45. Bxb8 g5 46.
Rd3+ Kh4 47. Rxd4+ g4 48. Kd2 f5 49. Ke2 Kg5 50. Kf2 h4 51. Kg2 Kh5 52. h3 Kg5
53. hxg4 fxg4 54. Rd5+ Kg6 55. Bg3 h3+ 56. Kf2 Kf6 57. Ke3 Ke6 58. Rg5 Kf6 59.
Rxg4 1-0

[Event "ODJM B 2019"]
[Site "Willingen GER"]
[Date "2019.06.15"]
[Round "9"]
[White "Winterberg, Johanna"]
[Black "Ostra, Noah"]
[Result "1-0"]
[Termination "normal"]
[Board "30"]
[WhiteElo "1742"]
[BlackElo "1773"]
[PlyCount "49"]
[WhiteFideId "12929344"]
[BlackFideId "16228979"]
[EventCountry "GER"]
[EventRounds "9"]
[EventType "swiss"]
[EventDate "2019.06.08"]

1. e4 c5 2. Nf3 d6 3. d4 cxd4 4. Nxd4 Nf6 5. Nc3 a6 6. Be2 e5 7. Nb3 Be7 8. Be3
Be6 9. O-O Nbd7 10. Qd2 O-O 11. h3 Nb6 12. Bxb6 Qxb6 13. Bf3 Rac8 14. Rfd1 Rfd8
15. a4 Qc6 16. Rac1 Qe8 17. a5 Kh8 18. Qe1 g6 19. Nd5 Bxd5 20. exd5 Nd7 21. c4
Nc5 22. Nxc5 Rxc5 23. b4 Rc7 24. c5 dxc5 25. Qxe5+ 1-0

[Event "ODJM B 2019"]
[Site "Willingen GER"]
[Date "2019.06.15"]
[Round "9"]
[White "Scheidt, Mike Niklas"]
[Black "Rabe, Maximilian"]
[Result "1-0"]
[Termination "normal"]
[Board "31"]
[WhiteElo "1557"]
[BlackElo "1628"]
[PlyCount "29"]
[WhiteFideId "12965235"]
[BlackFideId "12982911"]
[EventCountry "GER"]
[EventRounds "9"]
[EventType "swiss"]
[EventDate "2019.06.08"]

1. d4 Nf6 2. Nc3 c5 3. Nf3 d5 4. Bf4 e6 5. e3 a6 6. dxc5 Bxc5 7. Bd3 Nc6 8. O-O
O-O 9. e4 dxe4 10. Nxe4 Nxe4 11. Bxe4 Qf6 12. Bc1 Rd8 13. Qe2 h6 14. c3 Ne5 15.
Nxe5 1-0

[Event "ODJM B 2019"]
[Site "Willingen GER"]
[Date "2019.06.15"]
[Round "9"]
[White "Cheredzhiyska, Iva"]
[Black "Abou Wally, Adrian"]
[Result "1-0"]
[Termination "normal"]
[Board "32"]
[WhiteElo "1581"]
[BlackElo "1342"]
[PlyCount "35"]
[WhiteFideId "16241622"]
[BlackFideId "16245113"]
[EventCountry "GER"]
[EventRounds "9"]
[EventType "swiss"]
[EventDate "2019.06.08"]

1. e4 e5 2. Nf3 Nc6 3. d4 exd4 4. Nxd4 Bb4+ 5. Nc3 Bxc3+ 6. bxc3 Nf6 7. Bd3 h6
8. O-O O-O 9. f4 Re8 10. e5 Nd5 11. Bd2 d6 12. Nxc6 bxc6 13. c4 Nb6 14. Qh5 Qd7
15. e6 fxe6 16. Qg6 Rf8 17. Qh7+ Kf7 18. Bg6+ 1-0

[Event "ODJM B 2019"]
[Site "Willingen GER"]
[Date "2019.06.15"]
[Round "9"]
[White "Bardorz, Stefan"]
[Black "Maul, Maik Joel"]
[Result "0-1"]
[Termination "normal"]
[Board "33"]
[WhiteElo "1646"]
[BlackElo "1590"]
[PlyCount "46"]
[WhiteFideId "16245474"]
[BlackFideId "16204816"]
[EventCountry "GER"]
[EventRounds "9"]
[EventType "swiss"]
[EventDate "2019.06.08"]

1. c4 e5 2. g3 Nc6 3. Bg2 d6 4. Nc3 Be6 5. d3 Qd7 6. Rb1 g6 7. b4 Bg7 8. e4
Nge7 9. Nge2 O-O 10. O-O Bh3 11. Bxh3 Qxh3 12. Qc2 f5 13. Nd5 Rac8 14. Bg5 Nxd5
15. cxd5 Nd4 16. Nxd4 exd4 17. Rfc1 Be5 18. Qe2 f4 19. gxf4 Bxf4 20. Bxf4 Rxf4
21. Qf1 Rg4+ 22. Kh1 Qf3+ 23. Qg2 Qxg2# 0-1

[Event "ODJM B 2019"]
[Site "Willingen GER"]
[Date "2019.06.15"]
[Round "9"]
[White "Puls, Luisa"]
[Black "Lohrmann, Tabea"]
[Result "1/2-1/2"]
[Termination "normal"]
[Board "34"]
[WhiteElo "1465"]
[BlackElo "1549"]
[PlyCount "120"]
[WhiteFideId "16266005"]
[BlackFideId "12911941"]
[EventCountry "GER"]
[EventRounds "9"]
[EventType "swiss"]
[EventDate "2019.06.08"]

1. e4 e5 2. Nf3 Nc6 3. Nc3 Bc5 4. Nxe5 Nxe5 5. d4 Bd6 6. dxe5 Bxe5 7. Bc4 Ne7
8. O-O c6 9. Re1 O-O 10. Bg5 h6 11. Bh4 d6 12. Qd2 Qc7 13. Rad1 Ng6 14. Bg3
Bxg3 15. hxg3 Rd8 16. Kh1 Ne5 17. Bd3 Ng4 18. f3 Ne5 19. Ne2 d5 20. c3 Qb6 21.
Qc2 Be6 22. b3 c5 23. Nf4 Nxd3 24. Nxd3 d4 25. cxd4 cxd4 26. Kh2 Rac8 27. Qe2
Rc3 28. Rd2 Bd7 29. Kh1 Bb5 30. Kh2 Qa6 31. Red1 Rdc8 32. Kh1 Qg6 33. Kh2 Qg5
34. f4 Qg6 35. a4 Ba6 36. b4 Bc4 37. Rf1 Qa6 38. Rf3 Qxa4 39. Qf2 Bxd3 40.
Rfxd3 Rxd3 41. Rxd3 Qxb4 42. Rxd4 Qc5 43. Qb2 b6 44. Rd7 Rc7 45. Rd5 Qc6 46.
Kg1 Qc1+ 47. Qxc1 Rxc1+ 48. Kf2 Rc2+ 49. Ke3 f6 50. e5 Kf7 51. Ke4 a5 52. Rd3
Rc4+ 53. Kd5 Rc5+ 54. Ke4 fxe5 55. fxe5 Rb5 56. Rd7+ Ke6 57. Rxg7 Rb4+ 58. Ke3
Kxe5 59. Rg6 Kf5 60. Rxh6 Rg4 1/2-1/2

[Event "ODJM B 2019"]
[Site "Willingen GER"]
[Date "2019.06.15"]
[Round "9"]
[White "Seliokaite, Ana"]
[Black "Kovac, Linda"]
[Result "1-0"]
[Termination "normal"]
[Board "35"]
[WhiteElo "1464"]
[BlackElo "1718"]
[PlyCount "75"]
[WhiteFideId "16224817"]
[BlackFideId "12938815"]
[EventCountry "GER"]
[EventRounds "9"]
[EventType "swiss"]
[EventDate "2019.06.08"]

1. c4 c5 2. Nc3 Nc6 3. e4 g6 4. g3 Bg7 5. Bg2 Nf6 6. Nge2 O-O 7. O-O d6 8. d3
Nd4 9. a3 a5 10. h3 e5 11. f4 Bd7 12. Nxd4 cxd4 13. Nb5 Bxb5 14. cxb5 Nh5 15.
Qf3 Rc8 16. fxe5 Bxe5 17. g4 Ng3 18. Rf2 h5 19. Bh6 hxg4 20. hxg4 Rc7 21. Bxf8
Kxf8 22. Bh1 Qc8 23. Qd1 Qd8 24. Rc1 Rxc1 25. Qxc1 Nxh1 26. Qh6+ Kg8 27. Qxh1
Qg5 28. Qf3 f6 29. Rc2 d5 30. exd5 Bf4 31. Kf1 Kg7 32. d6 Bxd6 33. Qxb7+ Kh6
34. Qe4 Qxb5 35. Qxd4 Be5 36. Qc4 Qb7 37. Kf2 Qb6+ 38. Ke2 1-0

[Event "ODJM B 2019"]
[Site "Willingen GER"]
[Date "2019.06.15"]
[Round "9"]
[White "Schilay, Maria"]
[Black "Stepanov, Maximilian"]
[Result "1-0"]
[Termination "normal"]
[Board "36"]
[WhiteElo "1415"]
[BlackElo "1615"]
[PlyCount "89"]
[WhiteFideId "12942979"]
[BlackFideId "16244680"]
[EventCountry "GER"]
[EventRounds "9"]
[EventType "swiss"]
[EventDate "2019.06.08"]

1. e4 e6 2. d4 d5 3. Nd2 Nf6 4. e5 Nfd7 5. Bd3 c5 6. c3 Nc6 7. Ne2 cxd4 8. cxd4
f6 9. exf6 Nxf6 10. Nf3 Bd6 11. Bf4 O-O 12. O-O Ne4 13. Bxd6 Nxd6 14. Qc2 h6
15. a3 Bd7 16. Rad1 Rc8 17. Qb1 Ne7 18. Ne5 Bb5 19. Ng3 Bxd3 20. Rxd3 Nc4 21.
Re1 Nc6 22. Nf3 Qd6 23. b4 b5 24. Qa2 Rcd8 25. Qe2 Rfe8 26. h3 Re7 27. Qf1 Rf8
28. Re2 e5 29. dxe5 N6xe5 30. Nxe5 Rxe5 31. Qe1 Rxe2 32. Qxe2 Qc6 33. Qg4 Re8
34. Nf5 Re1+ 35. Kh2 Qc7+ 36. Rg3 Kh7 37. Qxg7+ Qxg7 38. Rxg7+ Kh8 39. Rxa7 Ra1
40. Rd7 Rd1 41. Nxh6 d4 42. Ng4 Nxa3 43. Nf6 Rh1+ 44. Kxh1 d3 45. Rh7# 1-0

[Event "ODJM B 2019"]
[Site "Willingen GER"]
[Date "2019.06.15"]
[Round "9"]
[White "Kuschminder, Paul"]
[Black "Tran, Minh Dat"]
[Result "0-1"]
[Termination "normal"]
[Board "37"]
[WhiteElo "1495"]
[BlackElo "1573"]
[PlyCount "94"]
[WhiteFideId "16252551"]
[BlackFideId "16244702"]
[EventCountry "GER"]
[EventRounds "9"]
[EventType "swiss"]
[EventDate "2019.06.08"]

1. d4 g6 2. e4 Bg7 3. Nc3 c6 4. f4 d5 5. e5 h5 6. Be3 Nh6 7. h3 Nf5 8. Bf2 b6
9. Nf3 e6 10. Qd2 Ba6 11. O-O-O h4 12. Kb1 Bf8 13. Bd3 Bxd3 14. Qxd3 Be7 15.
Ne2 Nd7 16. g4 hxg3 17. Nxg3 Qc7 18. Nxf5 exf5 19. h4 Nf8 20. h5 O-O-O 21. Ng5
Bxg5 22. fxg5 Ne6 23. hxg6 fxg6 24. Rh6 Qg7 25. Qe3 Rh7 26. Rdh1 Rdh8 27. Rxh7
Rxh7 28. Rxh7 Qxh7 29. Qg3 Qh1+ 30. Qg1 Qxg1+ 31. Bxg1 Nxg5 32. Kc1 Kd7 33. Kd1
Ke6 34. Ke2 Ne4 35. Bh2 a6 36. c3 g5 37. Ke3 f4+ 38. Bxf4 gxf4+ 39. Kxf4 c5 40.
Ke3 a5 41. Kd3 cxd4 42. Kxd4 Nd2 43. b3 Nf3+ 44. Ke3 Nxe5 45. Kd4 Kd6 46. a3 b5
47. b4 a4 0-1

[Event "ODJM B 2019"]
[Site "Willingen GER"]
[Date "2019.06.15"]
[Round "9"]
[White "Reyher, Susan"]
[Black "Hierl, Johannes"]
[Result "1-0"]
[Termination "normal"]
[Board "38"]
[WhiteElo "1714"]
[BlackElo "1327"]
[PlyCount "75"]
[WhiteFideId "24686107"]
[BlackFideId "16235096"]
[EventCountry "GER"]
[EventRounds "9"]
[EventType "swiss"]
[EventDate "2019.06.08"]

1. e4 e5 2. Bc4 Nf6 3. d3 d6 4. Nf3 g6 5. Nc3 Bg7 6. h3 Bd7 7. Bg5 c6 8. Qd2 b5
9. Bb3 Na6 10. d4 Qc7 11. Bh6 O-O 12. Bxg7 Kxg7 13. dxe5 dxe5 14. Qe3 c5 15.
Nd5 Nxd5 16. Bxd5 Nb4 17. O-O-O Nxd5 18. Rxd5 f6 19. Rxc5 Qa5 20. a3 Rfd8 21.
Qc3 Qxc3 22. Rxc3 Rac8 23. Rxc8 Bxc8 24. Rd1 Rxd1+ 25. Kxd1 Kf7 26. Ke2 Ke6 27.
Ke3 Bb7 28. Nd2 f5 29. f4 Bc6 30. g4 Bb7 31. b3 a6 32. c4 bxc4 33. bxc4 h5 34.
exf5+ gxf5 35. g5 exf4+ 36. Kxf4 a5 37. h4 Bc6 38. Nf1 1-0

[Event "ODJM B 2019"]
[Site "Willingen GER"]
[Date "2019.06.15"]
[Round "9"]
[White "Feidt, Jonas"]
[Black "Bräutigam, Alexander"]
[Result "1/2-1/2"]
[Termination "normal"]
[Board "39"]
[WhiteElo "1622"]
[BlackElo "1396"]
[PlyCount "68"]
[WhiteFideId "16243617"]
[BlackFideId "16245210"]
[EventCountry "GER"]
[EventRounds "9"]
[EventType "swiss"]
[EventDate "2019.06.08"]

1. c4 c5 2. g3 Nc6 3. Bg2 g6 4. Nf3 Bg7 5. Nc3 d6 6. O-O Nh6 7. a3 O-O 8. Rb1
b6 9. d3 Bb7 10. Bd2 Nf5 11. b4 Ncd4 12. e3 Nxf3+ 13. Bxf3 Bxf3 14. Qxf3 e6 15.
Rfd1 Ne7 16. Ne2 Qc7 17. Bc3 Rac8 18. Bxg7 Kxg7 19. Nf4 Qc6 20. Qxc6 Nxc6 21.
b5 Ne7 22. Kg2 Rfd8 23. Ne2 d5 24. h3 Rc7 25. Kf1 Rcd7 26. Ke1 Nc8 27. cxd5
Rxd5 28. Nf4 R5d6 29. Ke2 e5 30. Ng2 Ne7 31. e4 f6 32. Ne3 f5 33. f3 Kf7 34.
Nc4 Re6 1/2-1/2

[Event "ODJM B 2019"]
[Site "Willingen GER"]
[Date "2019.06.15"]
[Round "9"]
[White "John, Niklas"]
[Black "Hungeling, David"]
[Result "1/2-1/2"]
[Termination "normal"]
[Board "40"]
[WhiteElo "1324"]
[BlackElo "1566"]
[PlyCount "86"]
[WhiteFideId "16234626"]
[BlackFideId "16222440"]
[EventCountry "GER"]
[EventRounds "9"]
[EventType "swiss"]
[EventDate "2019.06.08"]

1. e4 e6 2. d4 d5 3. Nd2 c5 4. exd5 Qxd5 5. Ngf3 cxd4 6. Bc4 Qd8 7. O-O Nf6 8.
Nb3 Nc6 9. Nbxd4 Nxd4 10. Nxd4 a6 11. Re1 Qc7 12. Qe2 Be7 13. Bg5 h6 14. Bd2
O-O 15. Bd3 Qb6 16. Nb3 Bd6 17. Qf3 e5 18. Be3 Qd8 19. h3 Re8 20. Nd2 Bb4 21.
Re2 Nd5 22. Nc4 Nxe3 23. Rxe3 f6 24. Rd1 Qc7 25. Qh5 Be6 26. Qh4 Rad8 27. Rg3
Bxc4 28. Bxc4+ Kh8 29. Rxd8 Rxd8 30. Bd3 Bd6 31. Qe4 g5 32. Rf3 Qe7 33. Qg6 Qg7
34. Rxf6 Qxg6 35. Rxg6 Bf8 36. Re6 Bg7 37. Re7 Rb8 38. b3 Kg8 39. Bc4+ Kh7 40.
Bd3+ Kg8 41. Bg6 Kf8 42. Rf7+ Kg8 43. Re7 Kf8 1/2-1/2

[Event "ODJM B 2019"]
[Site "Willingen GER"]
[Date "2019.06.15"]
[Round "9"]
[White "Senechal, Niklas Bennett"]
[Black "Rempe, Janne"]
[Result "1-0"]
[Termination "normal"]
[Board "41"]
[WhiteElo "1470"]
[BlackElo "1720"]
[PlyCount "57"]
[WhiteFideId "16231180"]
[BlackFideId "16202392"]
[EventCountry "GER"]
[EventRounds "9"]
[EventType "swiss"]
[EventDate "2019.06.08"]

1. c4 d6 2. d4 Nf6 3. Nc3 Nbd7 4. e4 e5 5. Nf3 Be7 6. Be2 O-O 7. O-O c6 8. Re1
Re8 9. Bg5 Qc7 10. Qc2 Nf8 11. Rad1 Ng6 12. Bf1 Bd7 13. Nh4 Nxh4 14. Bxh4 Rad8
15. Bg3 Nh5 16. Ne2 Nxg3 17. Nxg3 Bh4 18. Qb3 Re6 19. Nf5 Bg5 20. c5 dxc5 21.
h4 Be7 22. Bc4 b5 23. Bxe6 Bxe6 24. Qg3 Bf6 25. dxe5 Rxd1 26. Rxd1 g6 27. exf6
Qb6 28. Nh6+ Kh8 29. Qd6 1-0